LEADER 01114nam a2200277 u 4500 001 000000047576 003 CaOOAMICUS 005 20070226114911.0 008 991130s1991 it u000 u ita u 020 $a8837214383 035 $a10836545 040 $aPUL$bita 100 1 $aTerrin, Aldo Natale,$d1941-2024.$0(OLS)http://pul/name/398 245 10$aIntroduzione allo studio delle religioni /$cAldo Natale Terrin. 260 $aBrescia :$bMorcelliana,$c1993. 300 $a282 p. ;$c22 cm 490 1 $aGuide di cultura 504 $aContiene bibliografia in nota. 650 4$aStoria delle religioni.$0(OLS)http://pul/subject/9425 830 0$aGuide di cultura.$0(OLS)http://pul/title/15054 850 $aPUL 852 $aPUL$W1$xDP1 Cons. Gen., Altre Classi 1$y22$m780 C 60$j63552$nBK-PRI$b $qStampati$B63552$CPULBib$Z2$F63552 $H $81 941 1 $a8 996 $6020$a8837214383$9(OLS)http://pul/number/59474 996 $6245$aIntroduzione allo studio delle religioni$9(OLS)http://pul/title/64059 996 $6260$aBrescia :$bMorcelliana$9(OLS)http://pul/publisher/47854 LEADER 01420nam a2200277 u 4500 001 000000111155 003 CaOOAMICUS 005 20080414123321.0 008 080414s2007 it u000 u ita u 020 $z978-88-13-28404-6* 040 $aPUL$bita$dLDB 100 1 $aSenigaglia, Roberto,$d1970-$0(OLS)http://pul/name/68230 245 10$aAccesso alle informazioni e trasparenza :$bprofili della conoscenza nel diritto dei contratti /$cRoberto Senigaglia. 260 $aPadova :$bCEDAM,$cc2007. 300 $axiii, 255 p. ;$c24 cm. 490 1 $aCollana del Dipartimento di Scienze giuridiche Università degli studi Ca' Foscari - Venezia.$aNuova serie ;$v26 504 $aBibliografia in nota. 650 14$aContratti.$0(OLS)http://pul/subject/3380 830 0$aCollana del Dipartimento di Scienze giuridiche Università degli studi Ca' Foscari - Venezia.$pNuova serie ;$v26.$0(OLS)http://pul/title/139752 850 $aPUL 852 $aPUL$W1$xSL Diritto e Scienze Sociali 3$y79$m346. 02 SENDRO 1$j127435$qDDC 21$B126132$CPULBib$Z2$F126132 $H107026 $82 941 1 $a9 960 $aDiritto contrattuale$93380 996 $6020$z978-88-13-28404-6*$9(OLS)http://pul/number/137697 996 $6245$aAccesso alle informazioni e trasparenza :$bprofili della conoscenza nel diritto dei contratti$9(OLS)http://pul/title/139753 996 $6260$aPadova :$bCEDAM$9(OLS)http://pul/publisher/48126